[Event "Muensterland Regionalliga Gr2 2223"]
[Site "Germany"]
[Date "2023.01.14"]
[Round "4.8"]
[White "Heisterkamp, Tom"]
[Black "Tsoukkerman, Boris Z"]
[Result "0-1"]
[WhiteElo "1446"]
[BlackElo "1847"]
[PlyCount "56"]
[EventDate "2022.09.03"]
[EventType "team-tourn"]
[EventRounds "5"]
[EventCountry "GER"]
[SourceTitle "EXT 2024"]
[Source "ChessBase"]
[SourceDate "2023.10.10"]
[SourceVersion "1"]
[SourceVersionDate "2023.10.10"]
[SourceQuality "1"]
[WhiteTeam "Borken"]
[BlackTeam "Gronau"]
[WhiteTeamCountry "GER"]
[BlackTeamCountry "GER"]

1. e4 Nf6 2. Nc3 d5 3. exd5 Nxd5 4. Nxd5 Qxd5 5. Nf3 e5 6. d4 Nc6 7. dxe5 Qxd1+ 8. Kxd1 Bg4 9. Be2 0-0-0+ 10. Ke1 Bxf3 11. Bxf3 Nxe5 12. Be4 Bc5 13. Bg5 f6 14. Bh4 Rhe8 15. Rd1 g5 16. Bg3 Nc6 17. f3 f5 18. Rxd8+ Kxd8 19. Ke2 fxe4 20. Rd1+ Nd4+ 21. Ke3 exf3+ 22. Kf2 Re2+ 23. Kf1 fxg2+ 24. Kg1 Kc8 25. Rxd4 Bxd4+ 26. Bf2 Rxf2 27. h3 Re2+ 28. Kh2 g1Q# 0-1

[Event "Muensterland Regionalliga 2122"]
[Site "Germany"]
[Date "2021.10.02"]
[Round "1.6"]
[White "Tsoukkerman, Boris Z"]
[Black "Hunhoff, Andreas"]
[Result "1/2-1/2"]
[WhiteElo "1855"]
[BlackElo "1783"]
[PlyCount "49"]
[EventDate "2021.10.02"]
[EventType "team-tourn"]
[EventRounds "3"]
[EventCountry "GER"]
[SourceTitle "EXT 2023"]
[Source "ChessBase"]
[SourceDate "2022.10.05"]
[SourceVersion "1"]
[SourceVersionDate "2022.10.05"]
[SourceQuality "1"]
[WhiteTeam "Gronau"]
[BlackTeam "Bocholt"]
[WhiteTeamCountry "GER"]
[BlackTeamCountry "GER"]

1. d4 f5 2. b4 Nf6 3. Bb2 e6 4. a3 b6 5. Nf3 Be7 6. g3 Bb7 7. Bg2 0-0 8. 0-0 Ne4 9. Nfd2 Nd6 10. Bxb7 Nxb7 11. c4 Bf6 12. Qb3 Nc6 13. e3 Ne7 14. Nc3 Nd6 15. c5 Nf7 16. f4 Qe8 17. Nf3 Kh8 18. cxb6 axb6 19. Ne5 Nd6 20. a4 c6 21. Rfc1 Ne4 22. Nxe4 fxe4 23. Nc4 Nd5 24. Nd2 Qh5 25. Re1 1/2-1/2

[Event "Muensterland Regionalliga 1920"]
[Site "Germany"]
[Date "2019.11.30"]
[Round "4.8"]
[White "Tsoukkerman, Boris Z"]
[Black "Sell, Markus"]
[Result "0-1"]
[WhiteElo "1907"]
[BlackElo "1810"]
[PlyCount "48"]
[EventDate "2019.09.07"]
[EventType "team-tourn"]
[EventRounds "7"]
[EventCountry "GER"]
[SourceTitle "EXT 2023"]
[Source "ChessBase"]
[SourceDate "2022.10.05"]
[SourceVersion "1"]
[SourceVersionDate "2022.10.05"]
[SourceQuality "1"]
[WhiteTeam "Gronau"]
[BlackTeam "Bocholt"]
[WhiteTeamCountry "GER"]
[BlackTeamCountry "GER"]

1. Nf3 e6 2. g3 f5 3. Bg2 Nf6 4. 0-0 Be7 5. d3 0-0 6. Nbd2 d6 7. c3 Qe8 8. Re1 Kh8 9. e4 e5 10. exf5 Nc6 11. d4 exd4 12. Nxd4 Nxd4 13. cxd4 Qf7 14. Qc2 c6 15. d5 c5 16. b4 Ng4 17. f3 Bxf5 18. Ne4 Bf6 19. fxg4 Bxe4 20. Bxe4 Bxa1 21. Bf4 Bd4+ 22. Kh1 Qe7 23. Rd1 Rae8 24. Bxh7 g5 0-1

[Event "Muensterland Verbandsklasse 1819"]
[Site "Germany"]
[Date "2019.05.18"]
[Round "9.4"]
[White "Tsoukkerman, Boris Z"]
[Black "Schaefer, Guenter"]
[Result "1-0"]
[WhiteElo "1892"]
[BlackElo "1855"]
[PlyCount "75"]
[EventDate "2018.09.15"]
[EventType "team-tourn"]
[EventRounds "9"]
[EventCountry "GER"]
[SourceTitle "EXT 2020"]
[Source "ChessBase"]
[SourceDate "2019.10.17"]
[SourceVersion "1"]
[SourceVersionDate "2019.10.17"]
[SourceQuality "1"]
[WhiteTeam "Gronau II"]
[BlackTeam "Nienberge II"]
[WhiteTeamCountry "GER"]
[BlackTeamCountry "GER"]

1. Nf3 g6 2. d4 c6 3. c4 Bg7 4. Nc3 d6 5. h3 Qc7 6. Bf4 Nf6 7. e3 0-0 8. Be2 Qb6 9. Qd2 a5 10. 0-0 Re8 11. Rac1 Nbd7 12. Bh2 a4 13. Bd1 a3 14. b3 Qa5 15. Rb1 Qb4 16. Be2 Nf8 17. Rbc1 Qa5 18. Na4 Qxd2 19. Nxd2 N6d7 20. Rfd1 c5 21. Nf3 Ne6 22. Nc3 Nc7 23. dxc5 Bxc3 24. Rxc3 Nxc5 25. b4 Ne4 26. Rb3 Be6 27. Nd4 Bd7 28. Bf3 Ba4 29. Bxe4 Bxb3 30. Nxb3 Ra4 31. c5 Rxb4 32. Bf3 Nb5 33. cxd6 Nc3 34. d7 Rd8 35. Bc7 Rxd7 36. Rxd7 Rxb3 37. axb3 a2 38. Rd8+ 1-0

[Event "Muensterland Verbandsklasse 1819"]
[Site "Germany"]
[Date "2019.03.09"]
[Round "7.4"]
[White "Tsoukkerman, Boris Z"]
[Black "Radinger, Rudolf"]
[Result "1-0"]
[WhiteElo "1892"]
[BlackElo "1553"]
[PlyCount "79"]
[EventDate "2018.09.15"]
[EventType "team-tourn"]
[EventRounds "9"]
[EventCountry "GER"]
[SourceTitle "EXT 2020"]
[Source "ChessBase"]
[SourceDate "2019.10.17"]
[SourceVersion "1"]
[SourceVersionDate "2019.10.17"]
[SourceQuality "1"]
[WhiteTeam "Gronau II"]
[BlackTeam "Beelen II"]
[WhiteTeamCountry "GER"]
[BlackTeamCountry "GER"]

1. Nf3 Nf6 2. d4 e6 3. g3 b6 4. Bg2 Bb7 5. 0-0 c5 6. dxc5 bxc5 7. c4 Be7 8. b3 0-0 9. Bb2 d6 10. Nbd2 Nbd7 11. Re1 Qc7 12. e4 Rfd8 13. Qc2 a5 14. a3 Bf8 15. Nb1 Bc6 16. Nc3 Qb7 17. Nd2 Rab8 18. a4 Ne5 19. Nb5 Ng6 20. Bc3 Ra8 21. f3 d5 22. exd5 exd5 23. Bxf6 gxf6 24. cxd5 Bxd5 25. Ne4 Bxe4 26. Rxe4 Qd7 27. f4 Rab8 28. Rae1 Qd2 29. Qxd2 Rxd2 30. Bf1 Rbd8 31. Bc4 Kg7 32. Re8 R8d7 33. Ra8 Rb2 34. Nc3 Rdd2 35. Re2 Rxe2 36. Nxe2 Ne7 37. Ra7 f5 38. Rc7 Nd5 39. Bxd5 Rxe2 40. Rxf7+ 1-0

[Event "Muensterland Regionalliga 1617"]
[Site "Germany"]
[Date "2016.11.19"]
[Round "3.7"]
[White "Hemmert, Michael"]
[Black "Tsoukkerman, Boris Z"]
[Result "1/2-1/2"]
[WhiteElo "1828"]
[BlackElo "1917"]
[PlyCount "28"]
[EventDate "2016.09.17"]
[EventType "team"]
[EventRounds "9"]
[EventCountry "GER"]
[SourceTitle "EXT 2018"]
[Source "ChessBase"]
[SourceDate "2017.10.13"]
[SourceVersion "1"]
[SourceVersionDate "2017.10.13"]
[SourceQuality "1"]
[WhiteTeam "Rheine Klein Berlin"]
[BlackTeam "Gronau"]
[WhiteTeamCountry "GER"]
[BlackTeamCountry "GER"]

1. d4 d5 2. Bf4 Bf5 3. e3 e6 4. Bd3 Bd6 5. Nf3 Bxf4 6. exf4 Ne7 7. 0-0 0-0 8. Re1 Nd7 9. Ne5 f6 10. Ng4 Re8 11. Nc3 Nf8 12. Ne3 Bxd3 13. Qxd3 c6 14. Na4 Qd6 1/2-1/2

[Event "Muensterland Verbandsliga 1415"]
[Site "Germany"]
[Date "2015.04.18"]
[Round "8.6"]
[White "Tsoukkerman, Boris Z"]
[Black "Schlagheck, Thomas"]
[Result "1/2-1/2"]
[WhiteElo "1915"]
[BlackElo "1683"]
[PlyCount "49"]
[EventDate "2014.09.06"]
[EventType "team-tourn"]
[EventRounds "9"]
[EventCountry "GER"]
[SourceTitle "EXT 2016"]
[Source "ChessBase"]
[SourceDate "2015.10.08"]
[SourceVersion "1"]
[SourceVersionDate "2015.10.08"]
[SourceQuality "1"]
[WhiteTeam "Gronau"]
[BlackTeam "Muenster IV"]
[WhiteTeamCountry "GER"]
[BlackTeamCountry "GER"]

1. Nf3 c5 2. g3 Nc6 3. Bg2 d5 4. d4 cxd4 5. Nxd4 e6 6. c4 Bb4+ 7. Nc3 Nf6 8. 0-0 Bxc3 9. bxc3 0-0 10. Bg5 h6 11. Bxf6 Qxf6 12. cxd5 exd5 13. Nb5 Ne7 14. Nc7 Rb8 15. Nxd5 Nxd5 16. Bxd5 Qxc3 17. Rc1 Qa5 18. Qd4 Bh3 19. Rfd1 b6 20. Rc7 Rbc8 21. Qc4 Rxc7 22. Qxc7 Qb5 23. Qe7 Qe8 24. Qxe8 Rxe8 25. e4 1/2-1/2

[Event "Muensterland Verbandsliga 1415"]
[Site "Germany"]
[Date "2015.01.31"]
[Round "6.6"]
[White "Tsoukkerman, Boris Z"]
[Black "Herdering, Martin"]
[Result "1/2-1/2"]
[WhiteElo "1915"]
[BlackElo "1831"]
[PlyCount "22"]
[EventDate "2014.09.06"]
[EventType "team-tourn"]
[EventRounds "9"]
[EventCountry "GER"]
[SourceTitle "EXT 2016"]
[Source "ChessBase"]
[SourceDate "2015.10.08"]
[SourceVersion "1"]
[SourceVersionDate "2015.10.08"]
[SourceQuality "1"]
[WhiteTeam "Gronau"]
[BlackTeam "Heiden"]
[WhiteTeamCountry "GER"]
[BlackTeamCountry "GER"]

1. b4 d5 2. Bb2 Nf6 3. e3 Nbd7 4. Nf3 e5 5. Nxe5 Nxe5 6. Bxe5 Bxb4 7. c4 Bd6 8. Bxd6 Qxd6 9. Nc3 c6 10. cxd5 Nxd5 11. Be2 Nxc3 1/2-1/2

[Event "Muensterland Verbandsliga 1415"]
[Site "Germany"]
[Date "2014.12.20"]
[Round "5.5"]
[White "Tsoukkerman, Boris Z"]
[Black "Ruhe, Johannes"]
[Result "1-0"]
[WhiteElo "1915"]
[BlackElo "1975"]
[PlyCount "81"]
[EventDate "2014.09.06"]
[EventType "team-tourn"]
[EventRounds "9"]
[EventCountry "GER"]
[SourceTitle "EXT 2016"]
[Source "ChessBase"]
[SourceDate "2015.10.08"]
[SourceVersion "1"]
[SourceVersionDate "2015.10.08"]
[SourceQuality "1"]
[WhiteTeam "Gronau"]
[BlackTeam "Beelen"]
[WhiteTeamCountry "GER"]
[BlackTeamCountry "GER"]

1. d4 Nf6 2. c4 e6 3. Nc3 d5 4. cxd5 exd5 5. Bg5 Be7 6. Qc2 0-0 7. e3 c6 8. Bd3 h6 9. Bh4 Na6 10. a3 Be6 11. Nge2 Nc7 12. 0-0 Rc8 13. f3 b6 14. e4 dxe4 15. fxe4 Ng4 16. Bxe7 Qxe7 17. Rf3 Qg5 18. Qc1 Qh4 19. h3 Nf6 20. Rf4 Qg5 21. h4 Qh5 22. Ng3 Qg6 23. Qe3 Nh5 24. Nxh5 Qxh5 25. Be2 Qg6 26. Bd3 f5 27. Raf1 Qf6 28. exf5 Bd5 29. Ne4 Bxe4 30. Qxe4 Rfe8 31. Bc4+ Kh8 32. Be6 Nd5 33. Rg4 Rcd8 34. Rg6 Qf8 35. Qe5 Kh7 36. Qg3 Nf6 37. Rc1 Rxd4 38. Rxc6 Rd1+ 39. Kh2 Red8 40. Rc7 Ne8 41. Rxh6+ 1-0

[Event "Muensterland Regionalliga 1314"]
[Site "Germany"]
[Date "2014.01.18"]
[Round "5.5"]
[White "Stegemann, Norbert"]
[Black "Tsoukkerman, Boris Z"]
[Result "1-0"]
[WhiteElo "1941"]
[BlackElo "1944"]
[PlyCount "155"]
[EventDate "2013.09.07"]
[EventType "team-tourn"]
[EventRounds "9"]
[EventCountry "GER"]
[SourceTitle "EXT 2015"]
[Source "ChessBase"]
[SourceDate "2014.11.20"]
[SourceVersion "1"]
[SourceVersionDate "2014.11.20"]
[SourceQuality "1"]
[WhiteTeam "Duelmen"]
[BlackTeam "Gronau"]
[WhiteTeamCountry "GER"]
[BlackTeamCountry "GER"]

1. c4 Nc6 2. g3 Nf6 3. Bg2 d5 4. cxd5 Nxd5 5. Nc3 Nb6 6. Nf3 e5 7. 0-0 Be7 8. d3 0-0 9. a3 a5 10. Be3 Be6 11. Rc1 Nd5 12. Nxd5 Bxd5 13. Bc5 Bxc5 14. Rxc5 Qd6 15. Qc1 Bxf3 16. Bxf3 Nd4 17. Rxc7 Nxf3+ 18. exf3 Qxd3 19. Rxb7 Qxf3 20. Qc7 h5 21. h4 Rac8 22. Qb6 Rc6 23. Qb3 Qxb3 24. Rxb3 Rc2 25. Rb5 Re8 26. Re1 f6 27. Rd1 Re7 28. b3 e4 29. Re1 a4 30. bxa4 Rc3 31. Re3 Rec7 32. Rxe4 Rxa3 33. Rxh5 Ra7 34. Rb5 R3xa4 35. Rxa4 Rxa4 36. Kg2 Kf7 37. Rb3 Kg6 38. f3 Kh6 39. g4 Kg6 40. Kg3 Kh6 41. Rb5 Rc4 42. Rh5+ Kg6 43. Rh8 Ra4 44. h5+ Kf7 45. Rb8 Rc4 46. Rb7+ Kg8 47. Re7 Kf8 48. Re4 Rc1 49. Ra4 Rc5 50. Ra6 Kf7 51. Ra7+ Kg8 52. Ra4 Kf7 53. f4 Rc3+ 54. Kh4 Rc1 55. g5 fxg5+ 56. fxg5 Rb1 57. g6+ Kf6 58. Rf4+ Ke6 59. Kg5 Rb5+ 60. Kg4 Rb1 61. Re4+ Kf6 62. Rf4+ Ke6 63. Ra4 Rg1+ 64. Kf4 Rf1+ 65. Kg5 Rf5+ 66. Kg4 Rf1 67. Re4+ Kd7 68. h6 Rg1+ 69. Kf5 gxh6 70. Kf6 h5 71. Kg7 h4 72. Rxh4 Ke6 73. Rf4 Rg2 74. Kh7 Rh2+ 75. Kg8 Ke7 76. g7 Rh1 77. Re4+ Kf6 78. Kf8 1-0

[Event "Muensterland Verbandsklasse-A 1011"]
[Site "Germany"]
[Date "2011.03.12"]
[Round "8.5"]
[White "Tsoukkerman, Boris Z"]
[Black "Joergensmann, Rolf"]
[Result "1/2-1/2"]
[WhiteElo "1902"]
[BlackElo "1718"]
[PlyCount "48"]
[EventDate "2010.09.18"]
[EventType "team-tourn"]
[EventRounds "9"]
[EventCountry "GER"]
[SourceTitle "EXT 2012"]
[Source "ChessBase"]
[SourceDate "2011.11.24"]
[SourceVersion "1"]
[SourceVersionDate "2011.11.24"]
[SourceQuality "1"]
[WhiteTeam "Gronau"]
[BlackTeam "Nienberge II"]
[WhiteTeamCountry "GER"]
[BlackTeamCountry "GER"]

1. b4 e5 2. Bb2 Bxb4 3. f4 exf4 4. Bxg7 Qh4+ 5. g3 fxg3 6. Bg2 gxh2+ 7. Kf1 hxg1Q+ 8. Kxg1 Qg5 9. Bxh8 Nf6 10. e3 Nc6 11. Qf3 Be7 12. Nc3 Ne5 13. Qf4 Qxf4 14. exf4 Nc4 15. Re1 Kf8 16. Rxe7 Kxe7 17. Bxf6+ Kxf6 18. Nd5+ Kg7 19. Nxc7 Rb8 20. Be4 h6 21. Ne8+ Kf8 22. Nf6 Kg7 23. Ne8+ Kf8 24. Nf6 Kg7 1/2-1/2

[Event "Muensterland Verbandsklasse-A 0910"]
[Site "Germany"]
[Date "2009.11.21"]
[Round "3.6"]
[White "Mehring, Franz Josef"]
[Black "Tsoukkerman, Boris Z"]
[Result "0-1"]
[WhiteElo "1632"]
[BlackElo "1887"]
[PlyCount "46"]
[EventDate "2009.09.19"]
[EventType "team-tourn"]
[EventRounds "9"]
[EventCountry "GER"]
[SourceTitle "EXT 2011"]
[Source "ChessBase"]
[SourceDate "2010.11.26"]
[SourceVersion "1"]
[SourceVersionDate "2010.11.26"]
[SourceQuality "1"]
[WhiteTeam "Ibbenbueren"]
[BlackTeam "Gronau"]
[WhiteTeamCountry "GER"]
[BlackTeamCountry "GER"]

1. d4 d5 2. Nf3 Nc6 3. g3 f6 4. Bg2 Bg4 5. 0-0 Qd7 6. b3 0-0-0 7. Bb2 g5 8. Nbd2 Bh3 9. e4 Bxg2 10. Kxg2 dxe4 11. Nxe4 g4 12. Nh4 f5 13. d5 e5 14. Ng5 Nd4 15. c4 h6 16. Ne6 Nxe6 17. dxe6 Qc6+ 18. Kg1 Rxd1 19. Raxd1 Qxe6 20. Rd5 Bd6 21. Re1 Nf6 22. f4 Nxd5 23. cxd5 Qxd5 0-1

[Event "Muensterland Verbandsklasse-A 0809"]
[Site "Germany"]
[Date "2008.12.06"]
[Round "4.1"]
[White "Richters, Alfred"]
[Black "Tsoukkerman, Boris Z"]
[Result "1/2-1/2"]
[WhiteElo "1944"]
[BlackElo "2451"]
[PlyCount "24"]
[EventDate "2008.09.13"]
[EventType "team-tourn"]
[EventRounds "9"]
[EventCountry "GER"]
[SourceTitle "EXT 2010"]
[Source "ChessBase"]
[SourceDate "2010.11.25"]
[SourceVersion "1"]
[SourceVersionDate "2010.11.25"]
[SourceQuality "1"]
[WhiteTeam "Suedlohn II"]
[BlackTeam "Gronau II"]
[WhiteTeamCountry "GER"]
[BlackTeamCountry "GER"]

1. d4 d5 2. Nc3 Nc6 3. Nf3 a6 4. Bg5 f6 5. Bh4 Nh6 6. e3 Bg4 7. h3 Bxf3 8. Qxf3 e6 9. Bd3 Nb4 10. e4 Nxd3+ 11. Qxd3 Bb4 12. 0-0 Bxc3 1/2-1/2

[Event "Muensterland Verbandsklasse-A 0708"]
[Site "Germany"]
[Date "2007.09.22"]
[Round "1.8"]
[White "Vestrick, Frank"]
[Black "Tsoukkerman, Boris Z"]
[Result "0-1"]
[WhiteElo "1608"]
[BlackElo "2451"]
[PlyCount "78"]
[EventDate "2007.09.22"]
[EventType "team"]
[EventRounds "9"]
[EventCountry "GER"]
[SourceTitle "EXT 2009"]
[Source "ChessBase"]
[SourceDate "2008.11.26"]
[SourceVersion "1"]
[SourceVersionDate "2008.11.26"]
[SourceQuality "1"]
[WhiteTeam "Heiden II"]
[BlackTeam "Gronau"]
[WhiteTeamCountry "GER"]
[BlackTeamCountry "GER"]

1. d4 d5 2. c4 Nc6 3. Nf3 e5 4. cxd5 Qxd5 5. Nc3 Bb4 6. Bd2 Bxc3 7. Bxc3 e4 8. Nd2 e3 9. Nf3 Nf6 10. h3 0-0 11. g4 Ne4 12. fxe3 Qd6 13. Rg1 Be6 14. Qd3 Bd5 15. Nd2 Rfe8 16. Nf3 Rab8 17. g5 b5 18. h4 Nb4 19. Bxb4 Qxb4+ 20. Nd2 Qxb2 21. Rb1 Qxa2 22. Rd1 b4 23. Bh3 Nc3 24. Rc1 g6 25. h5 Ne4 26. Rd1 b3 27. Bg4 b2 28. Bf3 Nxd2 29. Bxd5 Qxd5 30. Kxd2 a5 31. hxg6 fxg6 32. Rgf1 a4 33. Qc3 c5 34. Rg1 Qb3 35. Qa5 Qxe3+ 36. Kc2 Qe4+ 37. Kc3 cxd4+ 38. Rxd4 Rec8+ 39. Kd2 Qxd4+ 0-1

[Event "Gipslis mem corr"]
[Site "Russia"]
[Date "2004.??.??"]
[Round "?"]
[White "Krivonosovs, Valerijs V"]
[Black "Tsoukkerman, Boris Z"]
[Result "1/2-1/2"]
[WhiteElo "2449"]
[BlackElo "2449"]
[PlyCount "38"]
[EventDate "2001.07.15"]
[EventType "tourn (corr)"]
[EventRounds "16"]
[EventCountry "RUS"]
[EventCategory "9"]
[SourceTitle "Corr 2008"]
[Source "ChessBase"]
[SourceDate "2008.06.24"]
[SourceVersion "1"]
[SourceVersionDate "2008.06.24"]
[SourceQuality "1"]

1. Nf3 d5 2. d4 Nc6 3. Bf4 Bg4 4. Nbd2 e6 5. e3 Bd6 6. Bg3 Nf6 7. Be2 0-0 8. 0-0 Bxg3 9. hxg3 Qd6 10. c4 b6 11. Rc1 Ne7 12. Nb3 c6 13. c5 Qc7 14. Ne5 Bxe2 15. Qxe2 b5 16. Nd2 a5 17. g4 h6 18. g3 Nd7 19. Nxd7 Qxd7 1/2-1/2

[Event "Gipslis mem corr"]
[Site "Russia"]
[Date "2004.??.??"]
[Round "?"]
[White "Muzyka, Yury Avraamovich"]
[Black "Tsoukkerman, Boris Z"]
[Result "1/2-1/2"]
[WhiteElo "2488"]
[BlackElo "2449"]
[PlyCount "41"]
[EventDate "2001.07.15"]
[EventType "tourn (corr)"]
[EventRounds "16"]
[EventCountry "RUS"]
[EventCategory "9"]
[SourceTitle "Corr 2008"]
[Source "ChessBase"]
[SourceDate "2008.06.24"]
[SourceVersion "1"]
[SourceVersionDate "2008.06.24"]
[SourceQuality "1"]

1. e4 e6 2. d4 d5 3. Nd2 dxe4 4. Nxe4 Nd7 5. Nf3 Ngf6 6. Bd3 Be7 7. Qe2 Nxe4 8. Bxe4 a6 9. c3 Nf6 10. Bc2 b5 11. 0-0 Bb7 12. Bf4 0-0 13. Rfe1 c5 14. dxc5 Bxc5 15. Rad1 Qb6 16. Ne5 Rfd8 17. Bg5 Qc7 18. Rd3 h6 19. Bh4 Rxd3 20. Bxd3 Bd6 21. Bg3 1/2-1/2

[Event "Gipslis mem corr"]
[Site "Russia"]
[Date "2004.??.??"]
[Round "?"]
[White "Raykin, Leonid Gershevich"]
[Black "Tsoukkerman, Boris Z"]
[Result "1-0"]
[WhiteElo "2608"]
[BlackElo "2449"]
[PlyCount "45"]
[EventDate "2001.07.15"]
[EventType "tourn (corr)"]
[EventRounds "16"]
[EventCountry "RUS"]
[EventCategory "9"]
[SourceTitle "Corr 2008"]
[Source "ChessBase"]
[SourceDate "2008.06.24"]
[SourceVersion "1"]
[SourceVersionDate "2008.06.24"]
[SourceQuality "1"]

1. d4 e6 2. c4 Nf6 3. Nf3 c5 4. d5 b5 5. Bg5 Qa5+ 6. Qd2 Qxd2+ 7. Nbxd2 Na6 8. dxe6 fxe6 9. cxb5 Nb4 10. Kd1 a6 11. e4 Bb7 12. a3 axb5 13. Bxf6 gxf6 14. Bxb5 Nc6 15. Rc1 Rg8 16. g3 Na7 17. Bd3 Bc6 18. Re1 Rb8 19. Kc2 Bh6 20. Rcd1 Ke7 21. b3 d6 22. Nc4 Bg7 23. Na5 1-0

[Event "Gipslis mem corr"]
[Site "Russia"]
[Date "2004.??.??"]
[Round "?"]
[White "Tsoukkerman, Boris Z"]
[Black "Kazoks, Aivars E"]
[Result "1-0"]
[WhiteElo "2449"]
[BlackElo "2371"]
[PlyCount "85"]
[EventDate "2001.07.15"]
[EventType "tourn (corr)"]
[EventRounds "16"]
[EventCountry "RUS"]
[EventCategory "9"]
[SourceTitle "Corr 2008"]
[Source "ChessBase"]
[SourceDate "2008.06.24"]
[SourceVersion "1"]
[SourceVersionDate "2008.06.24"]
[SourceQuality "1"]

1. e4 c5 2. c3 d5 3. exd5 Qxd5 4. d4 Nf6 5. Nf3 Bg4 6. dxc5 Qxd1+ 7. Kxd1 e5 8. b4 e4 9. h3 Bh5 10. g4 Nxg4 11. hxg4 Bxg4 12. Nbd2 exf3 13. Bd3 Nc6 14. Re1+ Be7 15. Kc2 Rc8 16. Nc4 Be6 17. Bf4 0-0 18. Nd6 Bxd6 19. Bxd6 Rfe8 20. b5 Na5 21. Re4 Red8 22. Rh4 g6 23. Be7 Rd5 24. Re1 Kg7 25. c4 Rdxc5 26. Bxc5 Rxc5 27. Kc3 h6 28. Rd4 Rc7 29. Kb4 b6 30. Rc1 Rc5 31. Be4 g5 32. Bd5 Bxd5 33. Rxd5 Rxd5 34. cxd5 Nb7 35. Kc4 Kg6 36. Kd4 h5 37. Rc6+ Kf5 38. Rc7 Nd6 39. Rd7 Nxb5+ 40. Kc4 a6 41. a4 Na3+ 42. Kb3 Nb1 43. Rb7 1-0